00477nam a2200145Ia 4500008004100000020001800041041000800059082001700067100004000084245014200124250000600266260003900272300001100311650000900322210716s2017 xx 000 0 und d a9781787121393 aeng a005.132 MILJ aMiller, James D; Forte, Rui Miguel. aMastering predictive analytics with R: machine learning techniques for advanced models.bMachine learning techniques for advanced models. a2 aMumbaibPackt Publishing Ltdc2017 axv,421 aNone